000 00398nam a2200181Ia 4500
005 20250423100520.0
008 250422s9999 xx 000 0 und d
020 _a080533842X
050 _aQD 453.3 .E54/
100 _aEngel, Thomas
245 0 _aPhysical chemistry
260 _aNew Jersey
260 _bPearson
260 _c2006
300 _a1061 p
650 _aScience
942 _cBK
999 _c33542
_d33542